[Event "ACT-ch"]
[Site "Belconnen"]
[Date "2001.09.28"]
[Round "6"]
[White "Meyer, Bob"]
[Black "Oliver, Shannon"]
[Result "0-1"]
[WhiteElo "1674"]
[BlackElo "1473"]
[PlyCount "70"]
[EventDate "2001.08.24"]
[EventType "swiss"]
[EventRounds "9"]
[EventCountry "AUS"]
[SourceTitle "EXT 2006"]
[Source "ChessBase"]
[SourceDate "2005.11.24"]
[SourceVersion "1"]
[SourceVersionDate "2005.11.24"]
[SourceQuality "1"]

1. e4 c5 2. d4 cxd4 3. c3 dxc3 4. Nxc3 Nc6 5. Bc4 e6 6. Nf3 Be7 7. 0-0 d6 8. Qe2 Nf6 9. Rd1 Qc7 10. Bf4 a6 11. Rac1 0-0 12. e5 dxe5 13. Nxe5 Bd6 14. Rxd6 Qxd6 15. Ng6 e5 16. Bxe5 Nxe5 17. Nxe5 Bf5 18. Rd1 Qc5 19. g4 Rae8 20. Nd5 Nxg4 21. Nxg4 Rxe2 22. Bxe2 Bxg4 23. Bxg4 Qc2 24. Ne7+ Kh8 25. Rd5 Qe4 26. f3 Qxe7 27. Rh5 Qe1+ 28. Kg2 g6 29. Rd5 Qe2+ 30. Kg3 Qxb2 31. h4 h5 32. Bxh5 gxh5 33. Rxh5+ Kg7 34. Rg5+ Kf6 35. Kg4 Qg2+ 0-1

[Event "ACT-ch reserve"]
[Site "Canberra"]
[Date "1999.10.20"]
[Round "9"]
[White "Meyer, Bob"]
[Black "Butler, Brian J"]
[Result "0-1"]
[WhiteElo "1628"]
[BlackElo "1692"]
[PlyCount "100"]
[EventDate "1999.08.??"]
[EventType "swiss"]
[EventRounds "9"]
[EventCountry "AUS"]
[SourceTitle "EXT 2001"]
[Source "ChessBase"]
[SourceDate "2000.11.22"]
[SourceVersion "1"]
[SourceVersionDate "2000.11.22"]
[SourceQuality "1"]

1. e4 e6 2. d4 d5 3. Nd2 Nf6 4. e5 Nfd7 5. f4 c5 6. c3 Nc6 7. Ndf3 Qb6 8. Ne2 Be7 9. g4 f6 10. Qb3 0-0 11. Qxb6 axb6 12. Kf2 fxe5 13. fxe5 Ndxe5 14. dxe5 Nxe5 15. Bg2 Nxg4+ 16. Kg3 Nf6 17. Bh3 Ne4+ 18. Kg2 e5 19. Bxc8 Raxc8 20. Ng3 Nxg3 21. hxg3 Bf6 22. Ng5 h6 23. Nh3 e4 24. Re1 Rfe8 25. Nf4 Rcd8 26. Nh5 Be5 27. Bf4 b5 28. Rad1 Bxf4 29. Nxf4 d4 30. Kf2 g5 31. Ng2 e3+ 32. Ke2 b4 33. Rd3 bxc3 34. bxc3 Rf8 35. Nxe3 dxe3 36. Rxe3 Ra8 37. Re7 Rxa2+ 38. Ke3 b5 39. Ke4 Rd2 40. Ke5 b4 41. cxb4 cxb4 42. Re4 b3 43. Rb4 Re2+ 44. Kd6 Rd8+ 45. Kc7 Rxe7+ 46. Kxd8 Re3 47. g4 Kf7 48. Rb7+ Kf6 49. Rb6+ Ke5 50. Rxh6 Kf4 0-1